<?xml version="1.0" encoding="UTF-8"?>
<record
    xmlns:xsi="http://www.w3.org/2001/XMLSchema-instance"
    xsi:schemaLocation="http://www.loc.gov/MARC21/slim http://www.loc.gov/standards/marcxml/schema/MARC21slim.xsd"
    xmlns="http://www.loc.gov/MARC21/slim">

  <leader>00730nam a22001817a 4500</leader>
  <controlfield tag="003">NUST</controlfield>
  <controlfield tag="005">20260121154117.0</controlfield>
  <datafield tag="082" ind1=" " ind2=" ">
    <subfield code="a">621.382,MEH</subfield>
  </datafield>
  <datafield tag="100" ind1=" " ind2=" ">
    <subfield code="a">Mehmood, Khawar</subfield>
    <subfield code="9">132866</subfield>
  </datafield>
  <datafield tag="245" ind1=" " ind2=" ">
    <subfield code="a">GUI based energy monitoring system /</subfield>
    <subfield code="c">Khawar Mehmood, Farhan Ullah, Nauman Khan and Shabbir Manan (TCC-27 / TE-52)</subfield>
  </datafield>
  <datafield tag="260" ind1=" " ind2=" ">
    <subfield code="a">Rawalpindi</subfield>
    <subfield code="b">MCS (NUST)</subfield>
    <subfield code="c">June, 2019</subfield>
  </datafield>
  <datafield tag="300" ind1=" " ind2=" ">
    <subfield code="a">vii, 62p.;</subfield>
  </datafield>
  <datafield tag="505" ind1=" " ind2=" ">
    <subfield code="a">Introduction (Page-1), Literature Review (Page-6), Motors (Page-9), Graphical User Interface (Page-18), Design and Implementation (Page-27), Conclusion (Page-40), Codes (Page-42).</subfield>
  </datafield>
  <datafield tag="650" ind1=" " ind2=" ">
    <subfield code="a">UG Project</subfield>
    <subfield code="9">131132</subfield>
  </datafield>
  <datafield tag="651" ind1=" " ind2=" ">
    <subfield code="a">TCC-27 / TE-52</subfield>
    <subfield code="9">132852</subfield>
  </datafield>
  <datafield tag="700" ind1=" " ind2=" ">
    <subfield code="a">Supervised by Dr. Zeeshan Zahid</subfield>
    <subfield code="9">132704</subfield>
  </datafield>
  <datafield tag="942" ind1=" " ind2=" ">
    <subfield code="2">ddc</subfield>
    <subfield code="c">PR</subfield>
  </datafield>
  <datafield tag="999" ind1=" " ind2=" ">
    <subfield code="c">615885</subfield>
    <subfield code="d">615885</subfield>
  </datafield>
  <datafield tag="952" ind1=" " ind2=" ">
    <subfield code="0">0</subfield>
    <subfield code="1">0</subfield>
    <subfield code="2">ddc</subfield>
    <subfield code="4">0</subfield>
    <subfield code="7">0</subfield>
    <subfield code="a">MCS</subfield>
    <subfield code="b">MCS</subfield>
    <subfield code="c">REF</subfield>
    <subfield code="d">2026-01-21</subfield>
    <subfield code="l">0</subfield>
    <subfield code="o">621.382,MEH</subfield>
    <subfield code="p">MCSPTE-287</subfield>
    <subfield code="r">2026-01-21</subfield>
    <subfield code="w">2026-01-21</subfield>
    <subfield code="y">PR</subfield>
    <subfield code="z">Almirah No.90, Shelf No.4</subfield>
  </datafield>
</record>
